[Event "Montcalm 5 2020-21 Online"]
[Site "Quebec CAN"]
[Date "2021.05.20"]
[Round "5"]
[White "Sauve, Richard"]
[Black "Bolduc, Steve"]
[Result "0-1"]
[WhiteElo "1968"]
[BlackElo "2212"]
[PlyCount "88"]
[EventDate "2021.04.22"]
[EventType "tourn"]
[EventRounds "6"]
[EventCountry "CAN"]

1. d4 d5 2. c4 Bf5 3. cxd5 Bxb1 4. Qa4+ c6 5. dxc6 Nxc6 6. Rxb1 e5 7. Nf3 Bb4+
8. Bd2 Bxd2+ 9. Nxd2 exd4 10. g3 Qd5 11. Nf3 b5 12. Qb3 Qxb3 13. axb3 Rd8 14.
Bg2 Nge7 15. O-O d3 16. Rfd1 dxe2 17. Rxd8+ Kxd8 18. Re1 f6 19. Rxe2 Kc7 20.
Nd2 Rd8 21. Kf1 Nf5 22. Bxc6 Kxc6 23. Ke1 Rd7 24. Re8 Re7+ 25. Rxe7 Nxe7 26.
Ke2 Kd5 27. Kd3 Nc6 28. f4 Nb4+ 29. Ke3 Nc2+ 30. Kd3 Nd4 31. Ke3 a5 32. Kd3 h5
33. Ke3 Ne6 34. Kd3 Nc5+ 35. Ke3 h4 36. g4 h3 37. b4 axb4 38. Nf3 b3 39. Nd4
Kc4 40. Nf5 Na4 41. Nxg7 Nxb2 42. g5 fxg5 43. fxg5 Nd3 44. Nf5 b2 0-1

[Event "Montcalm 5 2020-21 Online"]
[Site "Quebec CAN"]
[Date "2021.05.27"]
[Round "6"]
[White "Auger, Bertrand"]
[Black "Sauve, Richard"]
[Result "1/2-1/2"]
[WhiteElo "1872"]
[BlackElo "1968"]
[PlyCount "80"]
[EventDate "2021.04.22"]
[EventType "tourn"]
[EventRounds "6"]
[EventCountry "CAN"]

1. Nf3 Nf6 2. g3 g6 3. b4 Bg7 4. Bb2 d5 5. Bg2 O-O 6. d3 Qd6 7. a3 Nbd7 8. O-O
a5 9. c4 axb4 10. c5 Nxc5 11. axb4 Rxa1 12. Bxa1 Ncd7 13. Qd2 e5 14. Rc1 Re8
15. Na3 c6 16. Qb2 e4 17. dxe4 Rxe4 18. Nd4 Re8 19. e3 Ne5 20. Qb3 Neg4 21. h3
Nxe3 22. fxe3 Qxg3 23. e4 Qg5 24. Re1 Rxe4 25. Nac2 Rxe1+ 26. Nxe1 Ne4 27. Ndf3
Qg3 28. Bxg7 Kxg7 29. Qb2+ f6 30. h4 h6 31. Qe2 Bg4 32. Qe3 Bh3 33. Qb6 Bxg2
34. Qxb7+ Kf8 35. Qc8+ Ke7 36. Qb7+ Ke6 37. Qc8+ Ke7 38. Qb7+ Kd8 39. Qa8+ Kd7
40. Qb7+ Kd8 1/2-1/2

[Event "Montcalm 5 2020-21 Online"]
[Site "Quebec CAN"]
[Date "2021.05.27"]
[Round "6"]
[White "Bolduc, Steve"]
[Black "Fecteau, Martin"]
[Result "1-0"]
[WhiteElo "2212"]
[BlackElo "1992"]
[PlyCount "101"]
[EventDate "2021.04.22"]
[EventType "tourn"]
[EventRounds "6"]
[EventCountry "CAN"]

1. d4 d5 2. c4 c6 3. cxd5 cxd5 4. Nc3 Nc6 5. e4 dxe4 6. d5 Ne5 7. Qa4+ Nd7 8.
Bf4 Ngf6 9. Rc1 e5 10. Bxe5 a6 11. Be2 Qe7 12. Bxf6 Qxf6 13. Qxe4+ Be7 14. Nf3
O-O 15. O-O Qd6 16. Rfe1 Bf6 17. Rcd1 g6 18. Qc4 Nb6 19. Qb3 Bf5 20. Bd3 Bxd3
21. Rxd3 Bg7 22. Ne4 Qd8 23. d6 Nd7 24. Qd5 b5 25. Rd2 Qb6 26. h4 h6 27. h5 Kh8
28. Ng3 Nf6 29. Qd3 Nxh5 30. Nxh5 gxh5 31. Nh4 Qd8 32. Nf5 Qg5 33. Re3 h4 34.
Nxg7 Qxg7 35. d7 Qf6 36. Rf3 Qg5 37. Rf5 Qg6 38. Qd4+ Kh7 39. Qd3 Rad8 40. Kh2
f6 41. Qh3 Rf7 42. Rf4 Qg5 43. Rfd4 Qe5+ 44. f4 Qe1 45. R4d3 f5 46. Rd6 a5 47.
a3 b4 48. axb4 axb4 49. b3 Kg7 50. Qd3 Qe7 51. Re2 1-0

[Event "Montcalm 5 2020-21 Online"]
[Site "Quebec CAN"]
[Date "2021.05.27"]
[Round "6"]
[White "Dumont, Eric"]
[Black "Dube, Daniel"]
[Result "1/2-1/2"]
[WhiteElo "1769"]
[BlackElo "1720"]
[PlyCount "64"]
[EventDate "2021.04.22"]
[EventType "tourn"]
[EventRounds "6"]
[EventCountry "CAN"]

1. d4 Nf6 2. Bf4 g6 3. e3 Bg7 4. c4 d6 5. Be2 Nc6 6. Nf3 O-O 7. Nc3 Nd7 8. O-O
h6 9. h3 e5 10. Bg3 f5 11. dxe5 dxe5 12. Nd5 Ne7 13. Rc1 c6 14. Nxe7+ Qxe7 15.
Qc2 g5 16. c5 Re8 17. Bc4+ Kh8 18. Qxf5 Nxc5 19. Qf7 Qxf7 20. Bxf7 Rf8 21. Rxc5
Rxf7 22. Nxe5 Bxe5 23. Bxe5+ Kh7 24. Bc3 Be6 25. Re5 Bxa2 26. Ra1 Bd5 27. Bd4
a6 28. Bb6 Rg8 29. Ra4 Bb3 30. Rae4 Rfg7 31. Re7 Rxe7 32. Rxe7+ Rg7 1/2-1/2

[Event "Montcalm 5 2020-21 Online"]
[Site "Quebec CAN"]
[Date "2021.05.27"]
[Round "6"]
[White "Oliver, Vance"]
[Black "Marquis, Paul"]
[Result "0-1"]
[WhiteElo "1633"]
[BlackElo "1938"]
[PlyCount "70"]
[EventDate "2021.04.22"]
[EventType "tourn"]
[EventRounds "6"]
[EventCountry "CAN"]

1. Nf3 Nf6 2. g3 g6 3. Bg2 Bg7 4. d3 d6 5. e4 O-O 6. O-O c5 7. Nbd2 Nc6 8. c3
e5 9. a4 Rb8 10. Qc2 a6 11. Nc4 b5 12. axb5 axb5 13. Ne3 Qb6 14. Bd2 h6 15. Nd5
Nxd5 16. exd5 Ne7 17. Qb3 Bf5 18. d4 exd4 19. cxd4 c4 20. Qa3 b4 21. Qa5 Rfc8
22. Rfe1 Qxa5 23. Rxa5 Bf6 24. Bf4 Rb6 25. Bxh6 c3 26. bxc3 bxc3 27. Bc1 c2 28.
h3 Rb1 29. g4 Be4 30. h4 Bxf3 31. Bxf3 Bxd4 32. Ra2 Be5 33. Kg2 Bf4 34. Rxc2
Rxc2 35. Be4 Rbxc1 0-1

[Event "Montcalm 5 2020-21 Online"]
[Site "Quebec CAN"]
[Date "2021.06.03"]
[Round "7"]
[White "Dube, Daniel"]
[Black "Bolduc, Steve"]
[Result "0-1"]
[WhiteElo "1720"]
[BlackElo "2212"]
[PlyCount "64"]
[EventDate "2021.04.22"]
[EventType "tourn"]
[EventRounds "6"]
[EventCountry "CAN"]

1. Nf3 d5 2. c4 e6 3. g3 c5 4. Bg2 Nc6 5. O-O Nf6 6. d3 Be7 7. b3 O-O 8. Bb2 d4
9. e3 e5 10. exd4 exd4 11. Re1 h6 12. a3 a5 13. Nbd2 Bf5 14. Qc2 Qd7 15. Ne5
Nxe5 16. Rxe5 Bd6 17. Re2 Bg4 18. f3 Bf5 19. Ne4 Bxe4 20. dxe4 Bxg3 21. Qd3 Bf4
22. e5 Nh5 23. Re4 Qe6 24. Bc1 g5 25. Rb1 Bxc1 26. Rxc1 Rfe8 27. b4 axb4 28.
axb4 Nf4 29. Rxf4 gxf4 30. Re1 Ra2 31. Qb3 Rea8 32. Kh1 R8a3 0-1

[Event "Montcalm 5 2020-21 Online"]
[Site "Quebec CAN"]
[Date "2021.06.03"]
[Round "7"]
[White "Fecteau, Martin"]
[Black "Auger, Bertrand"]
[Result "0-1"]
[WhiteElo "1992"]
[BlackElo "1872"]
[PlyCount "56"]
[EventDate "2021.04.22"]
[EventType "tourn"]
[EventRounds "6"]
[EventCountry "CAN"]

1. d4 e6 2. c4 Nf6 3. Nc3 Bb4 4. Qc2 b6 5. e4 c5 6. d5 exd5 7. exd5 O-O 8. Bd3
Re8+ 9. Nge2 d6 10. O-O Nbd7 11. f4 Nf8 12. Bd2 a6 13. a3 Ba5 14. a4 Ra7 15.
Rae1 Rae7 16. h3 Bd7 17. Ng3 Rxe1 18. Bxe1 Re3 19. Bf2 Re7 20. Nge4 Bxc3 21.
Nxc3 Ng6 22. Qd2 Qe8 23. b3 Nh5 24. Ne2 Bf5 25. Nc1 Bxd3 26. Nxd3 Re2 27. Qc1
Qe4 28. f5 Ngf4 0-1

[Event "Montcalm 5 2020-21 Online"]
[Site "Quebec CAN"]
[Date "2021.06.03"]
[Round "7"]
[White "Marquis, Paul"]
[Black "Dumont, Eric"]
[Result "1-0"]
[WhiteElo "1938"]
[BlackElo "1769"]
[PlyCount "63"]
[EventDate "2021.04.22"]
[EventType "tourn"]
[EventRounds "6"]
[EventCountry "CAN"]

1. e4 e5 2. f4 exf4 3. Nf3 Ne7 4. d4 Ng6 5. Bc4 Be7 6. O-O O-O 7. Nc3 c6 8. a4
d6 9. Ne2 Be6 10. Bd3 f5 11. c3 Kh8 12. Qc2 Qc8 13. e5 dxe5 14. Nxe5 Nxe5 15.
dxe5 Bc5+ 16. Kh1 Bd5 17. Nxf4 Be4 18. b4 Bxd3 19. Qxd3 Be7 20. Qh3 Kg8 21. Be3
Na6 22. Rae1 Nc7 23. Bd4 Ne6 24. Nxe6 Qxe6 25. Qe3 b6 26. a5 c5 27. bxc5 Bxc5
28. Bxc5 bxc5 29. Qxc5 Rfd8 30. Rd1 Rxd1 31. Rxd1 Qa6 32. Qd5+ 1-0

[Event "Montcalm 5 2020-21 Online"]
[Site "Quebec CAN"]
[Date "2021.06.03"]
[Round "7"]
[White "Sauve, Richard"]
[Black "Oliver, Vance"]
[Result "1-0"]
[WhiteElo "1968"]
[BlackElo "1633"]
[PlyCount "53"]
[EventDate "2021.04.22"]
[EventType "tourn"]
[EventRounds "6"]
[EventCountry "CAN"]

1. d4 Nf6 2. c4 g6 3. Nc3 Bg7 4. e4 d6 5. f3 O-O 6. Be3 Nc6 7. Qd2 a6 8. Rd1
Rb8 9. b3 Re8 10. h4 e5 11. d5 Ne7 12. Bd3 c6 13. dxc6 bxc6 14. Bb1 Qa5 15.
Nge2 Rd8 16. O-O d5 17. cxd5 cxd5 18. Nxd5 Nc6 19. Qxa5 Nxa5 20. Ne7+ Kf8 21.
Rxd8+ Kxe7 22. Rd2 Nb7 23. Rc1 Nd7 24. Bd3 Nd6 25. Nc3 Bb7 26. Be2 Ba8 27. Rcd1
1-0

[Event "Montcalm 6 2020-21 Online"]
[Site "Quebec CAN"]
[Date "2021.06.10"]
[Round "1"]
[White "Bolduc, Steve"]
[Black "Sauve, Richard"]
[Result "1-0"]
[WhiteElo "2239"]
[BlackElo "1959"]
[PlyCount "89"]
[EventDate "2021.06.10"]
[EventType "tourn"]
[EventRounds "6"]
[EventCountry "CAN"]

1. d4 e6 2. c4 d5 3. Nc3 Nf6 4. Nf3 Be7 5. Bf4 O-O 6. e3 c6 7. Qc2 Nbd7 8. Rd1
Re8 9. Bd3 dxc4 10. Bxc4 Nb6 11. Bb3 Nbd5 12. Be5 h6 13. O-O Nxc3 14. Qxc3 a5
15. a3 Qb6 16. Bxf6 Bxf6 17. Ne5 Bxe5 18. dxe5 Rd8 19. Rxd8+ Qxd8 20. Rd1 Qe7
21. Bc2 g6 22. Qd4 Kg7 23. Be4 Kf8 24. Qb6 Kg7 25. f4 Ra6 26. Qd8 Qxd8 27. Rxd8
Ra8 28. g4 c5 29. Kf2 Rb8 30. Ke1 b5 31. Kd2 b4 32. Kc2 c4 33. axb4 axb4 34.
Bc6 c3 35. bxc3 bxc3 36. Kxc3 g5 37. Bd7 Bxd7 38. Rxb8 gxf4 39. exf4 Bc6 40.
Rb2 h5 41. h3 hxg4 42. hxg4 f6 43. exf6+ Kxf6 44. Rf2 Bd5 45. Kd4 1-0

[Event "Montcalm 6 2020-21 Online"]
[Site "Quebec CAN"]
[Date "2021.06.10"]
[Round "1"]
[White "Dube, Daniel"]
[Black "Fecteau, Martin"]
[Result "1-0"]
[WhiteElo "1820"]
[BlackElo "1929"]
[PlyCount "99"]
[EventDate "2021.06.10"]
[EventType "tourn"]
[EventRounds "6"]
[EventCountry "CAN"]

1. e4 c5 2. Nf3 Nc6 3. Bb5 g6 4. Bxc6 dxc6 5. d3 Bg7 6. h3 Nf6 7. Nc3 Qc7 8.
Be3 b6 9. Qd2 h5 10. a4 a5 11. Bf4 Qb7 12. O-O Nd7 13. e5 Nf8 14. Ng5 Ne6 15.
Nxe6 Bxe6 16. Ne4 Qd7 17. Ng5 O-O 18. Nxe6 Qxe6 19. Rfe1 Rfd8 20. Qe3 Rd5 21.
Kh1 Rad8 22. Ra3 Rd4 23. Rb3 Rb8 24. Ra3 Rb7 25. Qg3 Rbd7 26. b3 Kh7 27. Bd2
Rd8 28. Bc3 R4d5 29. Raa1 Bh6 30. Re4 Qf5 31. Rae1 e6 32. R1e2 Qg5 33. Kh2
Qxg3+ 34. Kxg3 R8d7 35. f4 Rd8 36. Kh4 Rg8 37. Bd2 Rd4 38. Rxd4 cxd4 39. g4
hxg4 40. hxg4 Rh8 41. Rh2 Kg8 42. Kg3 Bf8 43. Rxh8+ Kxh8 44. Kf3 Bc5 45. Ke4
Kg7 46. Be1 f5+ 47. exf6+ Kxf6 48. Bf2 g5 49. fxg5+ Kxg5 50. Bxd4 1-0

[Event "Montcalm 6 2020-21 Online"]
[Site "Quebec CAN"]
[Date "2021.06.17"]
[Round "2"]
[White "Bolduc, Steve"]
[Black "Dube, Daniel"]
[Result "1-0"]
[WhiteElo "2239"]
[BlackElo "1820"]
[PlyCount "81"]
[EventDate "2021.06.10"]
[EventType "tourn"]
[EventRounds "6"]
[EventCountry "CAN"]

1. e4 c5 2. c3 d5 3. exd5 Qxd5 4. Nf3 g6 5. d4 Bg7 6. dxc5 Qxc5 7. Be3 Qc7 8.
Bb5+ Bd7 9. Qe2 Nc6 10. O-O Nf6 11. Na3 O-O 12. Rad1 e6 13. Bc5 Rfd8 14. Bd6
Qc8 15. Nc4 Ne8 16. Bg3 f6 17. h4 e5 18. h5 Be6 19. hxg6 hxg6 20. Nfd2 Rd5 21.
Ne4 Qc7 22. Ne3 Rdd8 23. f4 Rxd1 24. Qxd1 Rd8 25. Qe2 exf4 26. Bxf4 Qb6 27. Bc4
Ne7 28. Nc5 Qxc5 29. Bxe6+ Kf8 30. Bg3 Nc7 31. Bb3 Ned5 32. Bxc7 Nxc7 33. Qf2
Re8 34. Nc2 Qxf2+ 35. Kxf2 Re4 36. Rd1 Ke7 37. Ne3 b6 38. Bc2 Rf4+ 39. Kg3 Bh6
40. Bxg6 Ra4 41. Nf5+ 1-0

[Event "Montcalm 6 2020-21 Online"]
[Site "Quebec CAN"]
[Date "2021.06.17"]
[Round "2"]
[White "Sauve, Richard"]
[Black "Fecteau, Martin"]
[Result "1-0"]
[WhiteElo "1959"]
[BlackElo "1929"]
[PlyCount "67"]
[EventDate "2021.06.10"]
[EventType "tourn"]
[EventRounds "6"]
[EventCountry "CAN"]

1. d4 d5 2. c4 c6 3. Nc3 Nf6 4. Nf3 a6 5. e3 Bg4 6. Qb3 b5 7. cxd5 Bxf3 8. gxf3
cxd5 9. a4 b4 10. Qxb4 Nbd7 11. Qb7 e6 12. a5 Be7 13. Bxa6 O-O 14. O-O Rb8 15.
Qc6 Bb4 16. Qa4 Bxc3 17. bxc3 Nh5 18. Kh1 Qf6 19. Be2 Rfd8 20. c4 dxc4 21. Qxc4
Rdc8 22. Qa4 Nf8 23. a6 Qd8 24. Ba3 Ng6 25. a7 Ra8 26. Bb4 Qh4 27. Bd6 Qh3 28.
Rg1 Nh4 29. Bg3 Nf5 30. Qb3 Nhxg3+ 31. fxg3 Qh6 32. f4 Ne7 33. Qb7 Nd5 34.
Qxc8+ 1-0

[Event "Montcalm 6 2020-21 Online"]
[Site "Quebec CAN"]
[Date "2021.06.24"]
[Round "3"]
[White "Dube, Daniel"]
[Black "Sauve, Richard"]
[Result "0-1"]
[WhiteElo "1820"]
[BlackElo "1959"]
[PlyCount "62"]
[EventDate "2021.06.10"]
[EventType "tourn"]
[EventRounds "6"]
[EventCountry "CAN"]

1. e4 e6 2. d4 d5 3. e5 c5 4. c3 Nc6 5. Nf3 Qb6 6. a3 Nh6 7. b4 cxd4 8. Bxh6
gxh6 9. cxd4 Bg7 10. Nc3 O-O 11. Bd3 f6 12. Na4 Qd8 13. Qe2 Nxd4 14. Nxd4 fxe5
15. Nb3 e4 16. Bc2 Bxa1 17. Nxa1 b6 18. O-O Qf6 19. Nb3 Bb7 20. f3 Rac8 21. Bb1
exf3 22. Rxf3 Qe7 23. Rg3+ Kh8 24. h3 e5 25. Nc3 e4 26. Qd2 Qe5 27. Ne2 Ba6 28.
Qd4 Qxd4+ 29. Nexd4 Rf1+ 30. Kh2 Rxb1 31. Nf5 Rg8 0-1

[Event "Montcalm 6 2020-21 Online"]
[Site "Quebec CAN"]
[Date "2021.07.01"]
[Round "3"]
[White "Fecteau, Martin"]
[Black "Bolduc, Steve"]
[Result "1/2-1/2"]
[WhiteElo "1929"]
[BlackElo "2239"]
[PlyCount "124"]
[EventDate "2021.06.10"]
[EventType "tourn"]
[EventRounds "6"]
[EventCountry "CAN"]

1. d4 d5 2. Nf3 Bf5 3. Bf4 e6 4. e3 Bd6 5. Bd3 Ne7 6. Bxd6 cxd6 7. Bxf5 Nxf5 8.
O-O O-O 9. c3 Nc6 10. Nbd2 b5 11. Qe2 Rb8 12. e4 dxe4 13. Qxe4 d5 14. Qd3 b4
15. Nb3 Qe7 16. Rfe1 Rfd8 17. Nc5 Nd6 18. Ne5 Nxe5 19. Rxe5 Nc4 20. Re2 bxc3
21. Qxc3 Rdc8 22. b3 Nd6 23. Qd3 Rb6 24. Rae1 Nb7 25. Na4 Rbc6 26. Qb5 Nd6 27.
Qxd5 Qf6 28. Qe5 Qxe5 29. dxe5 Nb5 30. f4 Kf8 31. Rd2 Rc2 32. Red1 Rxd2 33.
Rxd2 Rc1+ 34. Kf2 Nc7 35. Nb2 Nd5 36. g3 Nc3 37. Ke3 Nxa2 38. Nd3 Ra1 39. Nc5
Nb4 40. Rd8+ Ke7 41. Rd7+ Ke8 42. Rb7 Rc1 43. Ne4 Nd5+ 44. Kd2 Rc7 45. Nd6+ Kd7
46. Rxc7+ Nxc7 47. Nxf7 h6 48. Nd6 Kc6 49. Kd3 Kd5 50. Nc8 a5 51. Ne7+ Kc5 52.
f5 exf5 53. Nxf5 Ne6 54. Ke4 Kb4 55. Nd4 Nc7 56. Kd3 Kc5 57. e6 Kd5 58. e7 g6
59. Nb5 Ne8 60. Nc3+ Kc5 61. Ne4+ Kd5 62. Nc3+ Kc5 1/2-1/2

[Event "Montreal op Rapid"]
[Site "Chess.com"]
[Date "2021.06.12"]
[Round "1"]
[White "Chelkowski, Jan"]
[Black "Adam, Rafael"]
[Result "0-1"]
[WhiteElo "1143"]
[BlackElo "1835"]
[PlyCount "50"]
[EventDate "2021.06.12"]
[EventType "swiss (rapid)"]
[EventRounds "7"]
[EventCountry "CAN"]

1. e4 e5 2. Nf3 Nc6 3. Bc4 Nf6 4. Nc3 Bc5 5. Ng5 O-O 6. h3 d6 7. O-O a6 8. d3
b5 9. Bb3 Nd4 10. Bd2 a5 11. a3 Nxb3 12. cxb3 c6 13. Ne2 Bb7 14. Kh1 d5 15. f4
exf4 16. Nxf4 dxe4 17. dxe4 h6 18. Nf3 Nxe4 19. Nd3 Qxd3 20. Qe1 Rfe8 21. Qc1
Nxd2 22. Qxc5 Nxf1 23. Rxf1 Qxf1+ 24. Kh2 Re2 25. Qg1 Qxf3 0-1

[Event "Montreal op Rapid"]
[Site "Chess.com"]
[Date "2021.06.12"]
[Round "1"]
[White "Nemani Dhruv, Sai Venkat"]
[Black "Araujo Sanchez, Josue"]
[Result "0-1"]
[WhiteElo "1247"]
[BlackElo "2066"]
[PlyCount "60"]
[EventDate "2021.06.12"]
[EventType "swiss (rapid)"]
[EventRounds "7"]
[EventCountry "CAN"]

1. e4 c5 2. Nf3 Nc6 3. c3 d5 4. exd5 Qxd5 5. d4 Nf6 6. Be3 cxd4 7. cxd4 e6 8.
Nc3 Qd6 9. g3 Be7 10. Bf4 Qd8 11. Bg2 O-O 12. O-O Nb4 13. a3 Nbd5 14. Nxd5 Nxd5
15. Be3 b6 16. Ne5 Bb7 17. Qe2 Bd6 18. f4 Qe7 19. Rac1 Rac8 20. h3 Rfd8 21.
Rxc8 Rxc8 22. Kh2 Rc7 23. Rf2 Qe8 24. f5 exf5 25. Rxf5 f6 26. Bxd5+ Bxd5 27.
Nd3 Qe4 28. Rf1 Re7 29. Nf4 Bxf4 30. Rxf4 Qh1# 0-1

[Event "Montreal op Rapid"]
[Site "Chess.com"]
[Date "2021.06.12"]
[Round "1"]
[White "Rousskikh, Maxim"]
[Black "Heran-Boily, Samuel"]
[Result "0-1"]
[WhiteElo "977"]
[BlackElo "1760"]
[PlyCount "114"]
[EventDate "2021.06.12"]
[EventType "swiss (rapid)"]
[EventRounds "7"]
[EventCountry "CAN"]

1. e4 e6 2. d4 d5 3. e5 c5 4. c3 Nc6 5. Nf3 Qb6 6. Na3 cxd4 7. cxd4 Bb4+ 8. Bd2
Bxa3 9. bxa3 Nxd4 10. Nxd4 Qxd4 11. Bb5+ Bd7 12. Bxd7+ Kxd7 13. O-O Ne7 14. Rb1
b6 15. Re1 Rhc8 16. Rb4 Qc5 17. Be3 Qc2 18. Qf3 Ke8 19. Qg4 Kf8 20. Qh4 Qg6 21.
Bg5 Nf5 22. Qf4 h6 23. Bh4 Nxh4 24. Qxh4 Rc5 25. Qd4 Rac8 26. Qe3 Rc3 27. Qd2
Rc2 28. Qe3 Rxa2 29. g3 Rcc2 30. Rf1 Qf5 31. Ra4 Rc7 32. Qb3 Qc2 33. Qb4+ Qc5
34. Qb1 Rc2 35. Kg2 Kg8 36. Qd1 Qc3 37. Qg4 Qxe5 38. Qd1 Qe2 39. Qxe2 Rxe2 40.
Kf3 Rec2 41. Re1 R2c4 42. Ra6 Kf8 43. Ke3 Re4+ 44. Kd2 Rxe1 45. Kxe1 Ke7 46.
Kd2 Kd6 47. Kd3 f6 48. f4 e5 49. fxe5+ fxe5 50. h4 Rf7 51. Ke2 d4 52. Kd3 Kd5
53. Ra4 e4+ 54. Ke2 d3+ 55. Kd2 Rf2+ 56. Kd1 e3 57. Rb4 Rf1# 0-1

[Event "Montreal op Rapid"]
[Site "Chess.com"]
[Date "2021.06.12"]
[Round "1"]
[White "Sonis, Francesco"]
[Black "Deshpande, Sarthak"]
[Result "1-0"]
[WhiteElo "2445"]
[BlackElo "1298"]
[PlyCount "115"]
[EventDate "2021.06.12"]
[EventType "swiss (rapid)"]
[EventRounds "7"]
[EventCountry "CAN"]

1. d4 d5 2. c4 c6 3. Nf3 Nf6 4. e3 e6 5. Nbd2 Bd6 6. b3 Nbd7 7. Bb2 O-O 8. Bd3
c5 9. O-O cxd4 10. exd4 b6 11. Ne5 Bxe5 12. dxe5 Nc5 13. Bc2 Nfe4 14. cxd5 Nxd2
15. Qxd2 Qxd5 16. Qe3 Bb7 17. Qh3 h6 18. Rad1 Qc6 19. Rd6 Qb5 20. Qg4 Rad8 21.
a4 Qe8 22. b4 Nxa4 23. Rxd8 Qxd8 24. Bxa4 Qd2 25. Bc1 Qd8 26. Bxh6 g6 27. Bxf8
Qxf8 28. h4 Bd5 29. h5 Qg7 30. hxg6 Qxg6 31. Qxg6+ fxg6 32. Rc1 Kh7 33. Rc7+
Kh6 34. Rxa7 Kg5 35. Ra6 Kf5 36. Rxb6 Kxe5 37. Bc2 g5 38. Rb8 Kd4 39. b5 e5 40.
b6 Kc5 41. b7 Kb6 42. Bd1 Kc7 43. Re8 Kxb7 44. Rxe5 Bc6 45. Rxg5 Kb6 46. Bf3
Bb5 47. Re5 Ka6 48. g4 Kb6 49. g5 Ka6 50. g6 Bc4 51. g7 Kb6 52. Bd5 Bxd5 53.
Rxd5 Kc6 54. Rf5 Kd6 55. g8=Q Kc6 56. Qg6+ Kc7 57. Rf7+ Kc8 58. Qg8# 1-0

[Event "Montreal op Rapid"]
[Site "Chess.com"]
[Date "2021.06.12"]
[Round "1"]
[White "Tanaka, Tyler"]
[Black "Holmgren, Emilien"]
[Result "1-0"]
[WhiteElo "2112"]
[BlackElo "1267"]
[PlyCount "43"]
[EventDate "2021.06.12"]
[EventType "swiss (rapid)"]
[EventRounds "7"]
[EventCountry "CAN"]

1. e4 e5 2. Nf3 Nc6 3. Bb5 a6 4. Ba4 Nf6 5. O-O Bc5 6. c3 O-O 7. d4 exd4 8.
cxd4 Ba7 9. Nc3 Re8 10. Re1 b5 11. Bc2 d6 12. h3 Nb4 13. Bb1 Bb7 14. Bg5 h6 15.
Bh4 g5 16. Bg3 Kg7 17. d5 a5 18. Nxb5 Bb6 19. Nbd4 Qd7 20. Nf5+ Kh7 21. e5 Qxf5
22. Bxf5+ 1-0

[Event "Montreal op Rapid"]
[Site "Chess.com"]
[Date "2021.06.12"]
[Round "1"]
[White "Turcotte, Jonathan"]
[Black "Garg, Shlok"]
[Result "1-0"]
[WhiteElo "1930"]
[BlackElo "1222"]
[PlyCount "99"]
[EventDate "2021.06.12"]
[EventType "swiss (rapid)"]
[EventRounds "7"]
[EventCountry "CAN"]

1. d4 Nf6 2. c4 e5 3. dxe5 Ng4 4. Bf4 Bc5 5. e3 Nc6 6. Nf3 Qe7 7. Nc3 Ngxe5 8.
Nxe5 Nxe5 9. Nd5 Bb4+ 10. Ke2 Qd6 11. Nxb4 Qxb4 12. Bxe5 Qxc4+ 13. Qd3 Qg4+ 14.
f3 Qe6 15. Bc3 b6 16. Kf2 Bb7 17. e4 O-O-O 18. Be2 d5 19. exd5 Rxd5 20. Qe3
Qxe3+ 21. Kxe3 Re8+ 22. Kf2 g6 23. Rad1 c5 24. Rxd5 Bxd5 25. a3 Kc7 26. Bb5 Re6
27. Re1 Rxe1 28. Kxe1 f5 29. Be5+ Kb7 30. Kd2 a6 31. Bd7 b5 32. Ke3 Kb6 33. h4
b4 34. axb4 cxb4 35. Kf4 a5 36. Kg5 Kc5 37. Kh6 Bg8 38. Kg7 Bc4 39. Kxh7 Bf1
40. g3 Be2 41. f4 Bh5 42. Be8 a4 43. Bxa4 Kc4 44. Be8 Kd3 45. Bxg6 Bg4 46. h5
Ke3 47. h6 Kf3 48. Kg7 Kxg3 49. h7 Kf3 50. h8=Q 1-0

[Event "Montreal op Rapid"]
[Site "Chess.com"]
[Date "2021.06.12"]
[Round "1"]
[White "Yao, Henry"]
[Black "Coste, Sebastien"]
[Result "1-0"]
[WhiteElo "1762"]
[BlackElo "1058"]
[PlyCount "139"]
[EventDate "2021.06.12"]
[EventType "swiss (rapid)"]
[EventRounds "7"]
[EventCountry "CAN"]

1. e4 c5 2. Nf3 d6 3. d4 cxd4 4. Nxd4 e5 5. Nf3 a6 6. Nc3 Nf6 7. Be2 Be7 8. O-O
O-O 9. h3 Be6 10. Bg5 b5 11. Qd2 b4 12. Bxf6 Bxf6 13. Nd5 Bxd5 14. Qxd5 Ra7 15.
Rad1 Be7 16. Nd2 Nd7 17. Qd3 Nc5 18. Qf3 a5 19. Nc4 a4 20. Ne3 Ne6 21. Nf5 a3
22. b3 Rc7 23. Bc4 Nc5 24. Rd2 g6 25. Ne3 Ne6 26. Nd5 Nd4 27. Qd3 Rb7 28. c3
bxc3 29. Qxc3 Rb8 30. Qe3 Rc8 31. Qd3 Rb8 32. Rdd1 Kh8 33. f4 Bf6 34. Nxf6 Qxf6
35. fxe5 Qxe5 36. Qxd4 Qxd4+ 37. Rxd4 Rbd8 38. Rfd1 Rfe8 39. Rxd6 Rxd6 40. Rxd6
Rxe4 41. Ra6 Re1+ 42. Kh2 Kg7 43. Rxa3 Kf6 44. Ra7 Re7 45. Rxe7 Kxe7 46. a4 f6
47. a5 Kd6 48. a6 Kc7 49. b4 Kb6 50. b5 Ka7 51. Bf1 f5 52. Kg1 h5 53. Kf2 g5
54. Ke3 g4 55. hxg4 fxg4 56. Kf4 h4 57. Kxg4 h3 58. Kxh3 Kb6 59. g4 Ka7 60. g5
Kb8 61. g6 Kc7 62. g7 Kb6 63. g8=Q Ka7 64. Qf7+ Kb6 65. Qb7+ Ka5 66. a7 Kb4 67.
a8=Q Kc5 68. Qac8+ Kb4 69. Qc4+ Ka5 70. Qa6# 1-0

[Event "Montreal op Rapid"]
[Site "Chess.com"]
[Date "2021.06.12"]
[Round "2"]
[White "Adam, Rafael"]
[Black "Di Matteo, Alessio"]
[Result "1-0"]
[WhiteElo "1835"]
[BlackElo "1399"]
[PlyCount "61"]
[EventDate "2021.06.12"]
[EventType "swiss (rapid)"]
[EventRounds "7"]
[EventCountry "CAN"]

1. d4 Nf6 2. c4 e6 3. g3 Bb4+ 4. Bd2 Qe7 5. Bg2 Nc6 6. Nf3 Bxd2+ 7. Nbxd2 d6 8.
O-O O-O 9. Qc2 e5 10. e3 h6 11. a3 a5 12. b3 Bg4 13. Rab1 Qd7 14. b4 axb4 15.
axb4 Rfe8 16. b5 Ne7 17. dxe5 dxe5 18. Nxe5 Qc8 19. Nxg4 Nxg4 20. Nb3 Rb8 21.
Qe2 Ne5 22. Rfd1 Qe6 23. c5 Nf5 24. Na5 b6 25. Nc6 Nxc6 26. Bxc6 Re7 27. cxb6
cxb6 28. Rd2 Qf6 29. Rbd1 Nd4 30. Rxd4 Qxd4 31. Rxd4 1-0

[Event "Montreal op Rapid"]
[Site "Chess.com"]
[Date "2021.06.12"]
[Round "2"]
[White "Araujo Sanchez, Josue"]
[Black "Knechtel, Thomas"]
[Result "1-0"]
[WhiteElo "2066"]
[BlackElo "1640"]
[PlyCount "57"]
[EventDate "2021.06.12"]
[EventType "swiss (rapid)"]
[EventRounds "7"]
[EventCountry "CAN"]

1. Nf3 d5 2. c4 e6 3. g3 Nf6 4. Bg2 dxc4 5. O-O Be7 6. Qc2 O-O 7. Qxc4 c5 8. d4
Nbd7 9. Nc3 Nb6 10. Qd3 cxd4 11. Nxd4 e5 12. Nf5 Bb4 13. Qf3 Bxc3 14. bxc3 e4
15. Qf4 Nbd5 16. Qg5 Bxf5 17. Qxf5 Nxc3 18. Bb2 Nxe2+ 19. Kh1 Nd4 20. Qg5 Nf3
21. Qf5 Qb6 22. Bc3 Rac8 23. Rab1 Qc6 24. Bxf6 gxf6 25. Rb4 Rfe8 26. Bxf3 exf3
27. Rg4+ Kh8 28. Rh4 Qe4 29. Rxe4 1-0

[Event "Montreal op Rapid"]
[Site "Chess.com"]
[Date "2021.06.12"]
[Round "2"]
[White "Batorshyn, Ilia"]
[Black "Harsha, Bharathakoti"]
[Result "0-1"]
[WhiteElo "1667"]
[BlackElo "2484"]
[PlyCount "56"]
[EventDate "2021.06.12"]
[EventType "swiss (rapid)"]
[EventRounds "7"]
[EventCountry "CAN"]

1. b3 d5 2. Bb2 Bg4 3. Nf3 Bxf3 4. exf3 e6 5. Be2 Nf6 6. O-O g6 7. d4 Bg7 8. c4
O-O 9. Nc3 Nc6 10. c5 Nd7 11. a3 Nxd4 12. Nxd5 Nxe2+ 13. Qxe2 exd5 14. b4 Bxb2
15. Qxb2 Qf6 16. Qd2 c6 17. Rab1 Ne5 18. Qc3 Kg7 19. a4 d4 20. Qd2 Rad8 21. b5
Rd5 22. Rfc1 Qxf3 23. bxc6 bxc6 24. Rb7 Qg4 25. Kh1 Re8 26. Rxa7 d3 27. f4 Qe2
28. Qd1 Ng4 0-1